| 000 | 00752cam a2200193 4500 | ||
|---|---|---|---|
| 001 | WB3602-03 | ||
| 008 | 000000n2000 000 0 eng u | ||
| 035 | _a(Sirsi) u103514 | ||
| 245 | _aAsbestos fines | ||
| 260 | _c2000 | ||
| 490 |
_aHealth and Safety Bulletin _v(284) December 1999, 8(1) |
||
| 520 | _aTwo companies have been ordered to pay fines exceeding £86,000 after they admitted the stripping and illegal disposal of asbestos during demolition work at a Cornish hospital. | ||
| 590 | _aWB | ||
| 650 |
_aHEALTH AND SAFETY _96244 |
||
| 650 | _aMANAGEMENT-HEALTH AND SAFETY-HAZARDOUS SUBSTANCES-ASBESTOS | ||
| 650 | _aCONSTRUCTION (DESIGN AND MANAGEMENT) REGULATIONS 1994 | ||
| 690 | _aBUILT ENVIRONMENT-BUILDING STANDARDS | ||
| 942 | _n0 | ||
| 999 |
_c62190 _d62190 |
||